[Event "Chess Stars 5.0 Blitz"]
[Site "Moscow RUS"]
[Date "2025.06.30"]
[Round "10.1"]
[White "Gunina, Valentina"]
[Black "Assaubayeva, Bibisara"]
[Result "1-0"]
[WhiteTitle "GM"]
[BlackTitle "IM"]
[WhiteElo "2416"]
[BlackElo "2509"]
[WhiteFideId "4167570"]
[BlackFideId "13708694"]
[EventDate "2025.06.29"]

1. d4 Nf6 2. c4 g6 3. Nc3 Bg7 4. e4 d6 5. Nf3 O-O 6. Be2 e5 7. Be3 Na6 8. O-O
Qe8 9. d5 Nc5 10. Nd2 a5 11. Qc2 Bd7 12. h3 h5 13. b3 Kh7 14. a3 Qe7 15. b4 axb4
16. axb4 Na6 17. Rab1 Bh6 18. Bxh6 Kxh6 19. Nd1 Nh7 20. Qc3 f5 21. exf5 gxf5 22.
f4 Rae8 23. Qf3 Nf6 24. Ne3 e4 25. Qf2 Rg8 26. Kh1 Rg6 27. c5 dxc5 28. Bxa6 bxa6
29. bxc5 Kh7 30. Rbc1 a5 31. Ndc4 Reg8 32. Ne5 R6g7 33. Qh4 Bc8 34. d6 cxd6 35.
cxd6 Qxd6 36. Rc6 Qd4 37. Rxf6 1-0

[Event "Chess Stars 5.0 Blitz"]
[Site "Moscow RUS"]
[Date "2025.06.30"]
[Round "10.2"]
[White "Lagno, Kateryna"]
[Black "Tomashevsky, Evgeny"]
[Result "1-0"]
[WhiteTitle "GM"]
[BlackTitle "GM"]
[WhiteElo "2515"]
[BlackElo "2681"]
[WhiteFideId "14109336"]
[BlackFideId "4147235"]
[EventDate "2025.06.29"]

1. e4 e5 2. d4 exd4 3. Bc4 Nf6 4. Nf3 Nc6 5. Ng5 Ne5 6. Qxd4 Nxc4 7. Qxc4 d5 8.
exd5 Qxd5 9. Qe2+ Be7 10. O-O Bg4 11. f3 Bf5 12. Nc3 Qc6 13. Bf4 h6 14. Rfe1
Qc5+ 15. Be3 Qe5 16. f4 Qa5 17. Bf2 O-O 18. Qxe7 Rae8 19. Qc5 Qxc5 20. Bxc5 hxg5
21. Bxf8 Rxf8 22. fxg5 Nd7 23. Nd5 Bxc2 24. Rac1 1-0

[Event "Chess Stars 5.0 Blitz"]
[Site "Moscow RUS"]
[Date "2025.06.30"]
[Round "10.3"]
[White "Goryachkina, Aleksandra"]
[Black "Artemiev, Vladislav"]
[Result "0-1"]
[WhiteTitle "GM"]
[BlackTitle "GM"]
[WhiteElo "2533"]
[BlackElo "2676"]
[WhiteFideId "4147103"]
[BlackFideId "24101605"]
[EventDate "2025.06.29"]

1. e4 c5 2. Nf3 d6 3. d4 cxd4 4. Nxd4 Nf6 5. Nc3 a6 6. Be3 Ng4 7. Bc1 Nc6 8.
Nxc6 bxc6 9. Be2 Ne5 10. O-O g6 11. b3 Bg7 12. Bb2 Nd7 13. Na4 Bxb2 14. Nxb2 O-O
15. Qd2 a5 16. Rfe1 Qb6 17. Rad1 Qb4 18. c3 Qb8 19. h3 Nb6 20. Bf1 Ba6 21. Bxa6
Rxa6 22. Nd3 Nd7 23. Qc2 Rd8 24. c4 Ra7 25. Qc3 Nf8 26. e5 d5 27. Nc5 e6 28. Qg3
Nd7 29. Nd3 a4 30. Rb1 axb3 31. axb3 Ra3 32. cxd5 cxd5 33. h4 h5 34. Nf4 Nxe5
35. Nxh5 Nd7 36. Nf4 Nf8 37. h5 e5 38. Ne2 Qd6 39. hxg6 Nxg6 40. Rbd1 d4 41. Nc1
Qe6 42. Rd3 Kf8 43. Ne2 Qf5 44. Rf3 Qh5 45. Rf6 Kg7 46. Qf3 Qxf3 47. Rxf3 e4 48.
Rg3 Kf6 49. Rd1 Ke5 50. Rg5+ Kf6 51. Rg3 d3 52. Nc3 Kf5 53. Re3 Re8 54. f3 Kf4
55. Rxe4+ Rxe4 56. Nxe4 Ke3 57. Re1+ Kd4 58. Rd1 Rxb3 59. Kf2 Nf4 60. Kg3 Ne2+
61. Kf2 Rb2 62. Rd2 Rb1 63. g4 Nc3 64. Ng3 Nd1+ 65. Ke1 Nb2+ 66. Kf2 Nc4 67. Ra2
d2 0-1

[Event "Chess Stars 5.0 Blitz"]
[Site "Moscow RUS"]
[Date "2025.06.30"]
[Round "10.4"]
[White "Karjakin, Sergey"]
[Black "Radjabov, Teimour"]
[Result "1-0"]
[WhiteTitle "GM"]
[BlackTitle "GM"]
[WhiteElo "2750"]
[BlackElo "2692"]
[WhiteFideId "14109603"]
[BlackFideId "13400924"]
[EventDate "2025.06.29"]

1. e4 d5 2. exd5 Qxd5 3. Nc3 Qa5 4. d4 Nf6 5. Nf3 c6 6. Bd2 Bf5 7. Bc4 e6 8. Nd5
Qd8 9. Nxf6+ Qxf6 10. c3 Nd7 11. h3 Be7 12. Qe2 Qg6 13. g4 Be4 14. O-O-O b5 15.
Bb3 a5 16. Bf4 a4 17. Bc2 Bxc2 18. Qxc2 O-O 19. Rhe1 b4 20. Bg3 a3 21. b3 bxc3
22. Qxg6 hxg6 23. Ne5 Nxe5 24. dxe5 Rfd8 25. Rxd8+ Rxd8 26. Rd1 Rd5 27. Kc2 Bb4
28. f4 Kf8 29. Rd3 Ke8 30. h4 Kd7 31. Be1 Kc7 32. Bxc3 Be7 33. h5 gxh5 34. gxh5
Bf8 35. Rg3 Kb6 36. Rg2 Kb5 37. Re2 c5 38. Re4 Rd7 39. Ra4 Be7 40. Rxa3 Kb6 41.
Ra8 f5 42. Rg8 Bh4 43. Re8 Bg3 44. Rxe6+ Kb7 45. Bd2 Rd4 46. Rg6 Bxf4 47. Rxg7+
Kc6 48. Rg6+ Kc7 49. Bxf4 Rxf4 50. a4 Rh4 51. h6 f4 52. Kd3 f3 53. Ke3 Rb4 54.
h7 Rxb3+ 55. Kf2 Rb2+ 56. Kxf3 Rh2 57. Rg7+ Kc6 58. e6 Kd5 1-0

[Event "Chess Stars 5.0 Blitz"]
[Site "Moscow RUS"]
[Date "2025.06.30"]
[Round "10.5"]
[White "Hou, Yifan"]
[Black "Sadhwani, Raunak"]
[Result "0-1"]
[WhiteTitle "GM"]
[BlackTitle "GM"]
[WhiteElo "2633"]
[BlackElo "2672"]
[WhiteFideId "8602980"]
[BlackFideId "35093487"]
[EventDate "2025.06.29"]

1. e4 c5 2. d4 cxd4 3. Qxd4 Nc6 4. Qd3 g6 5. Nf3 Bg7 6. Nc3 d6 7. Be2 Nf6 8. O-O
O-O 9. Nd5 Nd7 10. c3 e6 11. Ne3 Nc5 12. Qc2 f5 13. exf5 gxf5 14. Rd1 Qc7 15.
Nf1 Kh8 16. Ng3 f4 17. Nh5 e5 18. Nxg7 Qxg7 19. Rxd6 Bh3 20. g3 Bf5 21. Qd1 Ne4
22. Rd5 fxg3 23. fxg3 Nxg3 24. Bg5 Nxe2+ 25. Qxe2 Bg4 0-1

[Event "Chess Stars 5.0 Blitz"]
[Site "Moscow RUS"]
[Date "2025.06.30"]
[Round "11.1"]
[White "Hou, Yifan"]
[Black "Gunina, Valentina"]
[Result "1-0"]
[WhiteTitle "GM"]
[BlackTitle "GM"]
[WhiteElo "2633"]
[BlackElo "2416"]
[WhiteFideId "8602980"]
[BlackFideId "4167570"]
[EventDate "2025.06.29"]

1. e4 c5 2. Nc3 Nc6 3. Nge2 e5 4. Ng3 d6 5. Bc4 g6 6. d3 Bg7 7. h4 h5 8. Bg5 Bf6
9. Qd2 Be6 10. Nd5 Bxd5 11. Bxd5 Bxg5 12. hxg5 Nge7 13. a3 Qd7 14. f3 Nxd5 15.
exd5 Ne7 16. Ne4 O-O-O 17. Nf6 Qa4 18. O-O-O Kb8 19. g3 Rc8 20. Rh4 Qa6 21. Re4
Nf5 22. Qf2 c4 23. dxc4 Rxc4 24. Rxc4 Qxc4 25. Kb1 Rc8 26. Rd3 Qa4 27. Ne4 Qa6
28. Qd2 Nd4 29. Nc3 Qc4 30. f4 b5 31. fxe5 dxe5 32. Qe3 Re8 33. Qe4 a5 34. b3
Qc5 35. Re3 b4 36. axb4 axb4 37. Na4 Qd6 38. Rd3 Re7 39. Kb2 Rc7 40. Rd2 Rd7 41.
Qd3 Qxd5 42. Nb6 Qa5 43. Nxd7+ Kc7 44. Nxe5 Nb5 45. Qd7+ Kb6 46. Qc6+ Ka7 47.
Rd7+ 1-0

[Event "Chess Stars 5.0 Blitz"]
[Site "Moscow RUS"]
[Date "2025.06.30"]
[Round "11.2"]
[White "Sadhwani, Raunak"]
[Black "Karjakin, Sergey"]
[Result "1-0"]
[WhiteTitle "GM"]
[BlackTitle "GM"]
[WhiteElo "2672"]
[BlackElo "2750"]
[WhiteFideId "35093487"]
[BlackFideId "14109603"]
[EventDate "2025.06.29"]

1. c4 Nf6 2. Nc3 e5 3. Nf3 Nc6 4. d3 d5 5. cxd5 Nxd5 6. e4 Nf6 7. h3 Bc5 8. Be3
Bb6 9. Be2 O-O 10. O-O Re8 11. Rc1 Nh5 12. Bxb6 axb6 13. Nxe5 Nxe5 14. Bxh5 Nxd3
15. Qf3 Ne5 16. Qg3 c6 17. f4 Nc4 18. b3 Nd6 19. Rcd1 Qe7 20. f5 Nb5 21. Nxb5
cxb5 22. e5 Rxa2 23. e6 Kh8 24. Bxf7 Rf8 25. Qd6 1-0

[Event "Chess Stars 5.0 Blitz"]
[Site "Moscow RUS"]
[Date "2025.06.30"]
[Round "11.3"]
[White "Radjabov, Teimour"]
[Black "Goryachkina, Aleksandra"]
[Result "1-0"]
[WhiteTitle "GM"]
[BlackTitle "GM"]
[WhiteElo "2692"]
[BlackElo "2533"]
[WhiteFideId "13400924"]
[BlackFideId "4147103"]
[EventDate "2025.06.29"]

1. d4 d5 2. Nf3 Nf6 3. Bf4 Bf5 4. e3 e6 5. Bd3 Bd6 6. Bg3 O-O 7. Nbd2 Ne4 8. Bh4
Be7 9. Bxe7 Qxe7 10. O-O Nd7 11. Be2 h6 12. c4 c6 13. Qb3 Nxd2 14. Nxd2 Nf6 15.
Rfc1 Rad8 16. Nf3 Bg4 17. h3 Bxf3 18. Bxf3 Rd7 19. a4 Rfd8 20. cxd5 exd5 21. Qa3
Qe6 22. b4 Ne4 23. b5 Rd6 24. bxc6 bxc6 25. Ra2 Ng5 26. Bg4 Qg6 27. Kh2 Rf6 28.
Qe7 Rf8 29. Rac2 Ne4 30. Kg1 h5 31. Bd7 Qg5 32. Qe5 Qh6 33. Rxc6 Rxc6 34. Rxc6
g6 35. Qxd5 Ng5 36. h4 Nh7 37. Qe5 Rd8 38. Rc7 g5 39. Bf5 Nf8 40. hxg5 Qxg5 41.
Rxa7 h4 42. Kh2 h3 43. Bxh3 Ng6 1-0

[Event "Chess Stars 5.0 Blitz"]
[Site "Moscow RUS"]
[Date "2025.06.30"]
[Round "11.4"]
[White "Artemiev, Vladislav"]
[Black "Lagno, Kateryna"]
[Result "1-0"]
[WhiteTitle "GM"]
[BlackTitle "GM"]
[WhiteElo "2676"]
[BlackElo "2515"]
[WhiteFideId "24101605"]
[BlackFideId "14109336"]
[EventDate "2025.06.29"]

1. Nf3 Nf6 2. g3 b6 3. Bg2 Bb7 4. c4 g6 5. d4 Bg7 6. O-O O-O 7. b3 c5 8. Bb2
cxd4 9. Qxd4 d6 10. Rd1 Nbd7 11. Qc3 Rc8 12. Qe1 Re8 13. Nc3 Rc5 14. Nh4 Qa8 15.
Bxb7 Qxb7 16. Ng2 Ne4 17. Nxe4 Qxe4 18. Bxg7 Kxg7 19. Qc3+ Nf6 20. Qe3 Qb7 21.
Nf4 Rec8 22. a4 a6 23. Rac1 R5c7 24. f3 Rc5 25. Nd3 R5c7 26. Kf2 Kg8 27. Nf4 Rc5
28. Nd3 R5c7 29. h4 h5 30. Qd4 Rc6 31. e4 R6c7 32. Qe3 Rc6 33. Ra1 R6c7 34. Rd2
Rc6 35. Raa2 R6c7 36. Kg2 Rc6 37. Nb4 Rc5 38. Re2 R5c7 39. Qd4 Rc5 40. Nd3 R5c7
41. Rad2 Rc6 42. e5 dxe5 43. Qxe5 Re6 44. Qd4 Rd6 45. Qe3 Rcd8 46. Nf2 Ng4 47.
Qc3 Nxf2 48. Rxf2 Qd7 49. Rxd6 Qxd6 50. a5 bxa5 51. Qxa5 Rb8 52. Qc3 Qc6 53. c5
Rb5 54. Rd2 Qc7 55. c6 Rb8 56. Rd7 Qb6 57. c7 Rc8 58. Rxe7 Qd6 59. Re2 Kh7 60.
Rc2 Qd7 61. Qc5 Qd3 62. Qc4 Qd7 63. Qxa6 Rxc7 64. Rxc7 Qxc7 65. Qc4 Qd7 66. Qc3
Qe6 67. Qb2 Qb6 68. b4 Qb5 69. Qd2 Qc4 70. Kf2 Qb3 71. Qd4 Qc2+ 72. Ke3 Qc1+ 73.
Qd2 Qc4 74. Qb2 Qe6+ 75. Kf2 Qb6+ 76. Kg2 Qb5 77. Qd2 Qc4 78. Kf2 Qb3 79. Qd4
Qc2+ 80. Ke3 Qc1+ 81. Ke4 Qe1+ 82. Kf4 Qc1+ 83. Ke5 Qc7+ 84. Qd6 Qc3+ 85. Ke4
Qc4+ 86. Qd4 Qe2+ 87. Kf4 Qb5 88. Qc5 Qd3 89. b5 Qd2+ 90. Ke5 Qe2+ 91. Kd6 Qxf3
92. Qe5 Qd3+ 93. Ke7 Qb3 94. Kf8 Qb4+ 95. Qe7 1-0

[Event "Chess Stars 5.0 Blitz"]
[Site "Moscow RUS"]
[Date "2025.06.30"]
[Round "11.5"]
[White "Tomashevsky, Evgeny"]
[Black "Assaubayeva, Bibisara"]
[Result "1-0"]
[WhiteTitle "GM"]
[BlackTitle "IM"]
[WhiteElo "2681"]
[BlackElo "2509"]
[WhiteFideId "4147235"]
[BlackFideId "13708694"]
[EventDate "2025.06.29"]

1. d4 Nf6 2. Nf3 g6 3. g3 Bg7 4. Bg2 c5 5. c4 cxd4 6. Nxd4 Nc6 7. O-O h5 8. Nc3
h4 9. e3 hxg3 10. hxg3 Ne5 11. c5 Kf8 12. e4 d6 13. cxd6 Bh3 14. Bxh3 Rxh3 15.
Kg2 Rh5 16. Bf4 Qxd6 17. Nf3 Qxd1 18. Raxd1 Nxf3 19. Kxf3 Rc5 20. Rd3 g5 21. Be3
g4+ 22. Kg2 Rc4 23. e5 Ne8 24. Bf4 Nc7 25. Rfd1 Ne6 26. Rd7 b6 27. Nd5 Re8 28.
Rxa7 Rc2 29. b4 Rd8 30. Ne3 Rxd1 31. Nxc2 Nxf4+ 32. gxf4 Bh6 33. Ne3 Rb1 34. Nf5 1-0

[Event "Chess Stars 5.0 Blitz"]
[Site "Moscow RUS"]
[Date "2025.06.30"]
[Round "12.1"]
[White "Gunina, Valentina"]
[Black "Tomashevsky, Evgeny"]
[Result "0-1"]
[WhiteTitle "GM"]
[BlackTitle "GM"]
[WhiteElo "2416"]
[BlackElo "2681"]
[WhiteFideId "4167570"]
[BlackFideId "4147235"]
[EventDate "2025.06.29"]

1. d4 Nf6 2. c4 e6 3. Nf3 d5 4. Nc3 c5 5. cxd5 cxd4 6. Qxd4 exd5 7. Bg5 Be7 8.
e3 O-O 9. Be2 h6 10. Bh4 Nc6 11. Qd3 Qb6 12. O-O Rd8 13. Rfd1 Be6 14. a3 Rac8
15. h3 d4 16. exd4 Bb3 17. Rd2 Na5 18. Qb5 Qxb5 19. Bxb5 a6 20. Bd3 Nc4 21. Bxc4
Bxc4 22. Re1 Kf8 23. Ne5 Bb3 24. Bxf6 Bxf6 25. Ne4 Be7 26. Rd3 Be6 27. Nc3 Bf6
28. Ree3 Bf5 29. Rd1 Rc7 30. d5 Re7 31. Nc4 Rc7 32. Ne5 Re7 33. f4 g5 34. Rf1
gxf4 35. Rxf4 Bg5 36. Rxf5 Bxe3+ 37. Kf1 Kg7 38. Nf3 Rd6 39. Ne5 Bc5 40. Ng4 Bd4
41. g3 Bxc3 42. bxc3 b5 43. Kf2 Rc7 44. Re5 Rxc3 45. Ne3 Kf6 46. Rh5 Kg6 47. g4
Rxa3 48. Nf5 Rd7 49. h4 Kf6 50. Nxh6 0-1

[Event "Chess Stars 5.0 Blitz"]
[Site "Moscow RUS"]
[Date "2025.06.30"]
[Round "12.2"]
[White "Assaubayeva, Bibisara"]
[Black "Artemiev, Vladislav"]
[Result "1/2-1/2"]
[WhiteTitle "IM"]
[BlackTitle "GM"]
[WhiteElo "2509"]
[BlackElo "2676"]
[WhiteFideId "13708694"]
[BlackFideId "24101605"]
[EventDate "2025.06.29"]

1. e4 e5 2. Nf3 Nc6 3. Nc3 Nf6 4. Nd5 Be7 5. Bd3 d6 6. c3 Nxd5 7. exd5 Nb8 8.
Bc2 Nd7 9. d4 O-O 10. O-O Re8 11. Re1 Bf6 12. dxe5 Nxe5 13. Bf4 Bg4 14. Bxe5
Rxe5 15. Rxe5 Bxe5 16. h3 Bxf3 17. Qxf3 g6 18. Re1 Qg5 19. Qe3 Qh4 20. Qe4 Qh6
21. Qe3 Qxe3 22. Rxe3 c5 23. g3 b5 24. b3 a5 25. Bd3 b4 26. c4 a4 27. Bc2 axb3
28. Bxb3 g5 29. Kg2 Kg7 30. Re2 f5 31. Re1 Kf6 32. Re2 h5 33. f3 Ra7 34. Re1 Ra8
35. Re2 h4 36. g4 Kg7 37. gxf5 Kf6 38. Re1 Kxf5 39. Bc2+ Kf6 40. Bb3 Kg7 41. Re2
Rf8 42. Re4 Bf4 43. Re7+ Kf6 44. Re4 Be5 45. Re2 Bd4 46. Re4 Kg7 47. Re7+ Kg8
48. Re4 Be5 49. Bc2 Kf7 50. Bb3 Ke7 51. Bc2 Kd7 52. Ba4+ Kc7 53. Bc2 Ra8 54. Bb3
Kb6 55. Re2 Rf8 56. Re4 Rf7 57. Bc2 Kc7 1/2-1/2

[Event "Chess Stars 5.0 Blitz"]
[Site "Moscow RUS"]
[Date "2025.06.30"]
[Round "12.3"]
[White "Lagno, Kateryna"]
[Black "Radjabov, Teimour"]
[Result "1-0"]
[WhiteTitle "GM"]
[BlackTitle "GM"]
[WhiteElo "2515"]
[BlackElo "2692"]
[WhiteFideId "14109336"]
[BlackFideId "13400924"]
[EventDate "2025.06.29"]

1. e4 e6 2. d4 d5 3. Nc3 dxe4 4. Nxe4 b6 5. Nf3 Bb7 6. Bb5+ c6 7. Bd3 Nf6 8.
Nxf6+ gxf6 9. Bf4 Nd7 10. Qe2 b5 11. O-O Nb6 12. Bg3 h5 13. Rfe1 Be7 14. Rad1
Qd7 15. Nh4 O-O-O 16. c4 bxc4 17. Bxc4 Nxc4 18. Qxc4 Qd5 19. Qa4 a5 20. a3 Rdg8
21. b4 Rg5 22. bxa5 Qxa5 23. Qb3 Rb5 24. Qc4 Kd7 25. Ng6 Rg8 26. Nxe7 Kxe7 27.
Re3 Ba8 28. Rde1 Rd5 29. a4 Rg4 30. h3 Rgxd4 31. Qb3 Qb4 32. Qc2 h4 33. Bc7 Kd7
34. Bh2 Qf8 35. Qh7 e5 36. Rb3 c5 37. Rb6 Rd6 38. Rbb1 c4 39. Qc2 Qg8 40. f4 Qg6
41. Qf2 Bc6 42. fxe5 fxe5 43. Bxe5 Rd2 44. Qa7+ Ke6 45. Bxd6+ Kf6 46. Be5+ Kf5
47. Rf1+ Kxe5 48. Qc5+ Rd5 49. Rbe1+ 1-0

[Event "Chess Stars 5.0 Blitz"]
[Site "Moscow RUS"]
[Date "2025.06.30"]
[Round "12.4"]
[White "Goryachkina, Aleksandra"]
[Black "Sadhwani, Raunak"]
[Result "0-1"]
[WhiteTitle "GM"]
[BlackTitle "GM"]
[WhiteElo "2533"]
[BlackElo "2672"]
[WhiteFideId "4147103"]
[BlackFideId "35093487"]
[EventDate "2025.06.29"]

1. e4 c5 2. Nf3 Nc6 3. Bb5 e6 4. O-O Nge7 5. Re1 a6 6. Bf1 b6 7. d4 cxd4 8. Nxd4
Nxd4 9. Qxd4 Nc6 10. Qd1 Qc7 11. Nc3 Bd6 12. Qh5 O-O 13. Be3 Be5 14. Rad1 b5 15.
a3 Bb7 16. Rd3 f5 17. Red1 g6 18. Qh4 Rf7 19. exf5 gxf5 20. Bh6 Kh8 21. Qh5 d5
22. Ne2 Rg8 23. c3 Rg6 24. Rh3 Kg8 25. Nd4 Bf4 26. Bxf4 Qxf4 27. Rh4 Qe5 28. Nf3
Qf6 29. Nd4 Ne7 30. Rh3 e5 31. Nc2 Rfg7 32. Rhd3 d4 33. g3 Be4 34. R3d2 Rh6 35.
Qe2 Nd5 36. f3 Nf4 37. Qf2 Bb7 38. cxd4 e4 39. d5 exf3 40. Qxf3 Ng6 41. Ne3 Ne5
42. Qf4 Rh4 43. Qf2 f4 44. Ng2 Rhg4 45. Be2 f3 46. Ne3 Re4 47. Bf1 Qg5 48. Nc2
h5 49. Rd4 Rxd4 50. Nxd4 Qf6 51. Nc2 Ng4 52. Qd4 f2+ 53. Kg2 Qf5 54. Nb4 Rf7 55.
Rd3 h4 56. h3 Nf6 57. Rf3 Qg6 58. g4 a5 59. Nc6 Nxd5 60. Ne5 Nf4+ 61. Qxf4 Rxf4
62. Nxg6 Rxf3 0-1

[Event "Chess Stars 5.0 Blitz"]
[Site "Moscow RUS"]
[Date "2025.06.30"]
[Round "12.5"]
[White "Karjakin, Sergey"]
[Black "Hou, Yifan"]
[Result "1/2-1/2"]
[WhiteTitle "GM"]
[BlackTitle "GM"]
[WhiteElo "2750"]
[BlackElo "2633"]
[WhiteFideId "14109603"]
[BlackFideId "8602980"]
[EventDate "2025.06.29"]

1. e4 e5 2. Nf3 Nc6 3. Bb5 Nf6 4. O-O Nxe4 5. Re1 Nd6 6. Nxe5 Be7 7. Bf1 Nxe5 8.
Rxe5 O-O 9. d4 Bf6 10. Re1 Re8 11. Bf4 Rxe1 12. Qxe1 Ne8 13. c3 d5 14. Bd3 g6
15. Nd2 c6 16. Qe2 Ng7 17. Re1 Bf5 18. Bxf5 Nxf5 19. Nf3 Qd7 1/2-1/2

[Event "Chess Stars 5.0 Blitz"]
[Site "Moscow RUS"]
[Date "2025.06.30"]
[Round "13.1"]
[White "Karjakin, Sergey"]
[Black "Gunina, Valentina"]
[Result "1-0"]
[WhiteTitle "GM"]
[BlackTitle "GM"]
[WhiteElo "2750"]
[BlackElo "2416"]
[WhiteFideId "14109603"]
[BlackFideId "4167570"]
[EventDate "2025.06.29"]

1. e4 c5 2. Nf3 Nc6 3. Nc3 e5 4. Bc4 d6 5. d3 Be7 6. O-O Nf6 7. Nd5 O-O 8. a3
Be6 9. Nxf6+ Bxf6 10. Bxe6 fxe6 11. c3 Qd7 12. b4 Rac8 13. Be3 b6 14. h3 Qf7 15.
Qb3 Ne7 16. a4 Ng6 17. a5 d5 18. axb6 axb6 19. bxc5 bxc5 20. Ra5 Be7 21. Ra7 h6
22. c4 d4 23. Bd2 Rb8 24. Rb7 Rxb7 25. Qxb7 Nh4 26. Nxe5 Qf6 27. Ng4 Qf7 28. f4
Bd6 29. Qxf7+ Rxf7 30. g3 Ng6 31. e5 Bf8 32. Nf2 Rb7 33. Ra1 Ne7 34. Kf1 Rb2 35.
Ne4 Nf5 36. Ke2 Be7 37. g4 Nh4 38. Ra5 g5 39. fxg5 Bxg5 40. Nxg5 hxg5 41. Rxc5
Ng2 42. Rb5 Ra2 43. Kd1 Nf4 44. Bxf4 gxf4 45. c5 f3 46. Ke1 Rc2 47. Rb4 Rxc5 48.
Kf2 Rxe5 49. Rxd4 Kf7 50. Kxf3 Re1 51. h4 Kf6 52. Rf4+ Ke7 53. g5 Rg1 54. d4 Kd6
55. Kf2 Ra1 56. g6 Ra8 57. h5 e5 58. Rg4 exd4 59. g7 Rg8 60. h6 Kd5 1-0

[Event "Chess Stars 5.0 Blitz"]
[Site "Moscow RUS"]
[Date "2025.06.30"]
[Round "13.2"]
[White "Hou, Yifan"]
[Black "Goryachkina, Aleksandra"]
[Result "1-0"]
[WhiteTitle "GM"]
[BlackTitle "GM"]
[WhiteElo "2633"]
[BlackElo "2533"]
[WhiteFideId "8602980"]
[BlackFideId "4147103"]
[EventDate "2025.06.29"]

1. e4 c5 2. Nc3 Nc6 3. Nge2 e6 4. d4 cxd4 5. Nxd4 Bc5 6. Nxc6 bxc6 7. Bd3 d5 8.
O-O Nf6 9. Qe2 O-O 10. b3 Qc7 11. Bb2 Bd6 12. h3 d4 13. Na4 e5 14. c3 dxc3 15.
Bxc3 Qe7 16. Rac1 Nd7 17. Bb2 Bb7 18. Qe3 Rfe8 19. Rfd1 Nf8 20. Nc5 Bc8 21. Bf1
Ng6 22. Rd2 Nf4 23. Ba3 Bxc5 24. Bxc5 Qg5 25. Kh2 Qh5 26. Qg3 Be6 27. Be3 Rac8
28. Bxf4 exf4 29. Qxf4 Qa5 30. Qe3 h6 31. Rc5 Qb4 32. f3 a5 33. Bc4 Bxc4 34.
Rxc4 Qb5 35. Qc5 Qb8+ 36. Qd6 Qb6 37. Rdc2 Re6 38. Qd7 Rc7 39. Qd8+ Kh7 40. Rc5
Rg6 41. Re5 a4 42. Re8 Rf6 43. bxa4 c5 44. e5 Rfc6 45. Rh8+ Kg6 46. Qd3+ Kg5 47.
Qe4 1-0

[Event "Chess Stars 5.0 Blitz"]
[Site "Moscow RUS"]
[Date "2025.06.30"]
[Round "13.3"]
[White "Sadhwani, Raunak"]
[Black "Lagno, Kateryna"]
[Result "1-0"]
[WhiteTitle "GM"]
[BlackTitle "GM"]
[WhiteElo "2672"]
[BlackElo "2515"]
[WhiteFideId "35093487"]
[BlackFideId "14109336"]
[EventDate "2025.06.29"]

1. c4 Nf6 2. Nc3 g6 3. e4 e5 4. Nf3 Bg7 5. Nxe5 O-O 6. Nf3 Re8 7. d3 d5 8. cxd5
Nxd5 9. Nxd5 Qxd5 10. Be2 Qd8 11. h3 c5 12. O-O Nc6 13. Be3 b6 14. Qd2 Bb7 15.
Rfd1 Qe7 16. Rac1 Rac8 17. b3 Rc7 18. Bg5 Qe6 19. Bh6 Bh8 20. Qf4 Rd7 21. Qh4
Nd4 22. Nxd4 Bxd4 23. Bg4 f5 24. Bf3 fxe4 25. Bg4 Qd5 26. Bxd7 Qxd7 27. dxe4
Rxe4 28. Qg3 Qc6 29. Re1 Be5 30. Qf3 Rxe1+ 31. Rxe1 Qxf3 32. gxf3 Bf6 33. Rd1
Bxf3 34. Rd7 b5 35. Rxa7 c4 36. bxc4 bxc4 37. a4 g5 38. a5 c3 39. Rc7 Be4 40. a6
c2 41. a7 Bd4 42. Bxg5 1-0

[Event "Chess Stars 5.0 Blitz"]
[Site "Moscow RUS"]
[Date "2025.06.30"]
[Round "13.4"]
[White "Radjabov, Teimour"]
[Black "Assaubayeva, Bibisara"]
[Result "1-0"]
[WhiteTitle "GM"]
[BlackTitle "IM"]
[WhiteElo "2692"]
[BlackElo "2509"]
[WhiteFideId "13400924"]
[BlackFideId "13708694"]
[EventDate "2025.06.29"]

1. e4 c5 2. Nf3 d6 3. c3 Nf6 4. Be2 Bd7 5. d3 g6 6. O-O Bg7 7. Re1 O-O 8. h3 Nc6
9. Nbd2 e5 10. Nc4 Be6 11. Bf1 h6 12. a4 Nh5 13. Ne3 Nf4 14. Nc2 g5 15. Ne3 Qd7
16. a5 Kh8 17. Nh2 f5 18. a6 b6 19. Qa4 Rab8 20. exf5 Bxf5 21. Nxf5 Qxf5 22.
Bxf4 b5 23. Qe4 Qxe4 24. dxe4 exf4 25. Red1 Rfd8 26. Rac1 b4 27. Nf3 bxc3 28.
bxc3 Rb3 29. Rd5 Rxc3 30. Rcd1 Nd4 31. Nd2 Ra3 32. e5 Ra2 33. exd6 Rb2 34. Ne4
Rb6 35. Rxc5 Ne6 36. Rc7 Nxc7 37. dxc7 Rxd1 38. c8=Q+ Kh7 39. Nxg5+ hxg5 40.
Qc2+ 1-0

[Event "Chess Stars 5.0 Blitz"]
[Site "Moscow RUS"]
[Date "2025.06.30"]
[Round "13.5"]
[White "Artemiev, Vladislav"]
[Black "Tomashevsky, Evgeny"]
[Result "0-1"]
[WhiteTitle "GM"]
[BlackTitle "GM"]
[WhiteElo "2676"]
[BlackElo "2681"]
[WhiteFideId "24101605"]
[BlackFideId "4147235"]
[EventDate "2025.06.29"]

1. c4 Nf6 2. Nc3 e5 3. e3 Nc6 4. Qb3 g6 5. g3 Bg7 6. Bg2 O-O 7. d3 Rb8 8. Nge2
a6 9. O-O b5 10. Qd1 Bb7 11. cxb5 axb5 12. Nxb5 Ba6 13. a4 Bxb5 14. axb5 Rxb5
15. Nc3 Rb6 16. Na4 Ra6 17. Bd2 Qb8 18. Qc2 Qa7 19. Ra3 Rb8 20. Nc5 Rxa3 21.
bxa3 Qxa3 22. Nxd7 Nxd7 23. Bxc6 Nc5 24. Bc1 Qb4 25. Bd5 Rd8 26. Bc4 Qb6 27. Ba3
Ne6 28. Rc1 Ra8 29. Qb2 Qxb2 30. Bxb2 Rb8 31. Ba3 Nd8 32. Be7 Bf8 33. Bf6 Bd6
34. Bd5 Kf8 35. Ra1 Ke8 36. Bg5 Be7 37. Bh6 Bf8 38. Bxf8 Kxf8 39. Ra7 Rb5 40.
Bc4 Rc5 41. f3 Ke7 42. Kf2 f6 43. Ra8 Rc6 44. g4 g5 45. Kg3 h6 46. h4 Rb6 47.
Ra7 Kd6 48. f4 exf4+ 49. exf4 Rb1 50. fxg5 fxg5 51. hxg5 hxg5 52. Ra5 Rg1+ 53.
Kf3 Nc6 54. Rd5+ Ke7 55. Rxg5 Kf6 56. Rf5+ Kg6 57. Rc5 Nd4+ 58. Kf4 Ne2+ 59. Ke3
Nc3 60. Kf3 Rf1+ 61. Kg2 Rf4 62. Kg3 Ne2+ 63. Kh4 Rf1 64. Bd5 Nf4 65. Be4+ Kg7
66. Rxc7+ Kf6 67. Rc5 Ne6 68. g5+ Ke7 69. Re5 Kd6 70. Rf5 Rg1 71. Ra5 Ke7 72.
Kh5 Nf4+ 73. Kh6 Rg3 74. g6 Rh3+ 75. Kg5 Ne6+ 76. Kf5 Ke8 0-1

[Event "Chess Stars 5.0 Blitz"]
[Site "Moscow RUS"]
[Date "2025.06.30"]
[Round "14.1"]
[White "Gunina, Valentina"]
[Black "Artemiev, Vladislav"]
[Result "0-1"]
[WhiteTitle "GM"]
[BlackTitle "GM"]
[WhiteElo "2416"]
[BlackElo "2676"]
[WhiteFideId "4167570"]
[BlackFideId "24101605"]
[EventDate "2025.06.29"]

1. e4 e5 2. Nf3 Nc6 3. Bc4 Be7 4. d3 d6 5. a4 Nf6 6. O-O O-O 7. Nc3 a5 8. Re1 h6
9. h3 Re8 10. Be3 Bf8 11. Qd2 Be6 12. Rad1 Nb4 13. Bxe6 Rxe6 14. d4 Re8 15. d5
c6 16. Re2 Rc8 17. Qe1 Qc7 18. Red2 cxd5 19. exd5 Qc4 20. Qe2 Qxe2 21. Rxe2 Rxc3
22. bxc3 Nbxd5 23. Bd2 Nb6 24. Ra1 Rc8 25. Be3 Nbd5 26. Bd2 Nb6 27. Be3 Nc4 28.
Nd2 Nd5 29. Nxc4 Nxc3 30. Rd2 Rxc4 31. Rd3 Nxa4 32. Rda3 b5 33. Rb3 Rb4 34. Bd2
Rxb3 35. cxb3 Nc5 36. Bxa5 Nxb3 37. Ra3 Nd4 38. Bb4 d5 39. Ra8 Ne6 40. Rb8 f6
41. Bxf8 Nxf8 42. Rxb5 d4 43. Kf1 Kf7 44. Ke2 Ne6 45. g3 Ng5 46. h4 Ne4 47. Rb7+
Kg6 48. h5+ Kh7 49. Rd7 Nc5 50. Rd8 Ne6 51. Rd6 Ng5 52. f4 Ne4 53. Kf3 Nxd6 0-1